Cesty víry neslyšících / Romana Petráňová
Record details
- ISBN: 978-80-906143-4-5
- Physical Description: 79 stran : barevné ilustrace ; 21 cm
- Edition: Vydání první
- Publisher: Praha : Katechetická sekce České biskupské konference, 2017
Content descriptions
| General Note: | 3000 výtisků |
| Bibliography, etc. Note: | Obsahuje bibliografii a bibliografické odkazy |
Search for related items by subject
| Genre: | informační publikace příručky information publications handbooks and manuals |
Available copies
- 2 of 2 copies available at Common Catalog SPOK.
Holds
- 0 current holds with 2 total copies.
Show Only Available Copies
| Location | Call Number / Copy Notes | Barcode | Shelving Location | Status | Due Date |
|---|---|---|---|---|---|
| Jabok Library | PeS-5.2 /P | 424480039568 | Odborná literatura | Available | - |
| Jabok Library | PeS-5.2/P | 424480046531 | Odborná literatura | Available | - |
| LDR | 02192nam a2200625 i 4500 | ||
|---|---|---|---|
| 001 | 24676 | ||
| 003 | CZ-PrJAB | ||
| 005 | 20170605070131.0 | ||
| 007 | ta | ||
| 008 | 170316s2017 xr a e f 000 0 cze | ||
| 015 | . | ‡acnb002885904 | |
| 020 | . | ‡a978-80-906143-4-5 ‡q(Česká biskupská konference ; ‡qbrožováno) | |
| 035 | . | ‡a(CZ PrNK)nkc20172885904 | |
| 040 | . | ‡aOLA001 ‡bcze ‡dABA001 ‡erda | |
| 043 | . | ‡ae-xr--- | |
| 072 | 7. | ‡a27-46/-48 ‡xPastorální teologie ‡2Konspekt ‡95 | |
| 080 | . | ‡a316.344.6-056.263 ‡2MRF | |
| 080 | . | ‡a272-726.6 ‡2MRF | |
| 080 | . | ‡a27-4 ‡2MRF | |
| 080 | . | ‡a27-46 ‡2MRF | |
| 080 | . | ‡a316.772.2 ‡2MRF | |
| 080 | . | ‡a81'221.24 ‡2MRF | |
| 080 | . | ‡a(437.3) ‡2MRF | |
| 080 | . | ‡a(036) ‡2MRF | |
| 080 | . | ‡a(035) ‡2MRF | |
| 100 | 1 | . | ‡aPetráňová, Romana, ‡d1969- ‡7ola2011676027 ‡4aut |
| 245 | 1 | 0. | ‡aCesty víry neslyšících / ‡cRomana Petráňová |
| 250 | . | ‡aVydání první | |
| 264 | 1. | ‡aPraha : ‡bKatechetická sekce České biskupské konference, ‡c2017 | |
| 300 | . | ‡a79 stran : ‡bbarevné ilustrace ; ‡c21 cm | |
| 336 | . | ‡atext ‡btxt ‡2rdacontent | |
| 337 | . | ‡abez média ‡bn ‡2rdamedia | |
| 338 | . | ‡asvazek ‡bnc ‡2rdacarrier | |
| 500 | . | ‡a3000 výtisků | |
| 504 | . | ‡aObsahuje bibliografii a bibliografické odkazy | |
| 650 | 0 | 7. | ‡aneslyšící ‡7ph137297 ‡zČesko ‡2czenas |
| 650 | 0 | 7. | ‡akatolíci ‡7ph121544 ‡zČesko ‡2czenas |
| 650 | 0 | 7. | ‡akřesťanský život ‡7ph122132 ‡2czenas |
| 650 | 0 | 7. | ‡apastorační péče ‡7ph138508 ‡zČesko ‡2czenas |
| 650 | 0 | 7. | ‡acírkevní život ‡7ph119306 ‡zČesko ‡2czenas |
| 650 | 0 | 7. | ‡anonverbální komunikace ‡7ph115459 ‡2czenas |
| 650 | 0 | 7. | ‡aznakový jazyk ‡7ph116781 ‡2czenas |
| 650 | 0 | 9. | ‡adeaf ‡zCzechia ‡2eczenas |
| 650 | 0 | 9. | ‡aCatholics ‡zCzechia ‡2eczenas |
| 650 | 0 | 9. | ‡aChristian life ‡2eczenas |
| 650 | 0 | 9. | ‡apastoral attention ‡zCzechia ‡2eczenas |
| 650 | 0 | 9. | ‡achurch life ‡zCzechia ‡2eczenas |
| 650 | 0 | 9. | ‡anonverbal communication ‡2eczenas |
| 650 | 0 | 9. | ‡asign language ‡2eczenas |
| 655 | 7. | ‡ainformační publikace ‡7fd132454 ‡2czenas | |
| 655 | 7. | ‡apříručky ‡7fd133209 ‡2czenas | |
| 655 | 9. | ‡ainformation publications ‡2eczenas | |
| 655 | 9. | ‡ahandbooks and manuals ‡2eczenas | |
| 910 | . | ‡aABG312 | |
| 901 | . | ‡a24676 ‡b ‡c24676 ‡tbiblio | |